Vplyv veľkej športovej udalosti na región bakalárska práca

Na minha lista:
Detalhes bibliográficos
Autor principal: Igriniová, Katarína
Autor Corporativo: Národohospodárska fakulta EU. Katedra verejnej správy a regionálneho rozvoja
Outros Autores: Chovanec, Martin
Formato: Livro
Idioma:eslovaco
Publicado em: Bratislava 2011
Tags: Adicionar Tag
Sem tags, seja o primeiro a adicionar uma tag!

MARC

LEADER 00000nbm a2200000 4500
001 0152039
005 20120605131041.0
041 0 |a slo 
044 |a SK 
245 1 0 |a Vplyv veľkej športovej udalosti na región  |b bakalárska práca  |c Katarína Igriniová ; školiteľ: Martin Chovanec 
264 1 |a Bratislava  |c 2011 
300 |a 46 s. 
100 1 |a Igriniová, Katarína 
700 1 |a Chovanec, Martin 
710 2 |a Národohospodárska fakulta EU. Katedra verejnej správy a regionálneho rozvoja